000 00507cam a2200205ua 4500
001 11160
005 20260515114719.0
008 190831n ii |||gr||||Z||||||eng
020 _a9789383181582
040 _cMAIN
041 _aeng
082 _a150
100 _aG D Pant,
_eAuthor.
245 _aMeasurement evaluation and assessment in education
_cBy G D Pant
250 _a1st ed.
260 _aNew Delhi:
_bGlobal publications,
_c2017.
300 _a278p.
653 _aPsychology
942 _cBK
999 _c10013
_d10013